[Event "Rio de Janeiro Padua Memorial 4th"]
[Site "Rio de Janeiro"]
[Date "2019.10.12"]
[Round "3"]
[White "Souza Jr, Helemberg Cubica De"]
[Black "Mangini, Jose Henrique de Me"]
[Result "1-0"]
[WhiteElo "1729"]
[BlackElo "1522"]
[PlyCount "73"]
[EventDate "2019.10.11"]
[EventType "swiss"]
[EventRounds "5"]
[EventCountry "BRA"]
[SourceTitle "CBM 192 Extra"]
[Source "Chessbase"]
[SourceDate "2019.11.06"]
[SourceVersion "1"]
[SourceVersionDate "2019.11.06"]
[SourceQuality "1"]

1. e4 c5 2. Nf3 Nc6 3. d4 cxd4 4. Nxd4 e5 5. Nb3 Nf6 6. Nc3 Bb4 7. Bd3 d5 8. exd5 Nxd5 9. Bd2 0-0 10. Nxd5 Bxd2+ 11. Qxd2 g6 12. Nc3 Re8 13. 0-0 Bg4 14. Bb5 Qxd2 15. Nxd2 Red8 16. Bxc6 bxc6 17. Nde4 Kg7 18. f3 Bf5 19. Rad1 Rdb8 20. b3 c5 21. g4 Be6 22. Nxc5 Rc8 23. Nxe6+ fxe6 24. Rd3 a5 25. a4 Rc5 26. Rf2 Rac8 27. Rd7+ Kg8 28. Ne4 R5c7 29. Rxc7 Rxc7 30. Rd2 Kg7 31. g5 h6 32. h4 Rf7 33. Nf6 Rb7 34. Rd7+ Rxd7 35. Nxd7 Kf7 36. Nxe5+ Kg7 37. c4 1-0

[Event "Rio de Janeiro Padua Memorial 3rd"]
[Site "Rio de Janeiro"]
[Date "2018.11.03"]
[Round "3"]
[White "Silva, Danielle Aparecida"]
[Black "Mangini, Jose Henrique de Me"]
[Result "1-0"]
[WhiteElo "1785"]
[BlackElo "1573"]
[PlyCount "138"]
[EventDate "2018.11.02"]
[EventType "swiss"]
[EventRounds "6"]
[EventCountry "BRA"]
[SourceTitle "CBM 187 Extra"]
[Source "ChessBase"]
[SourceDate "2018.11.04"]
[SourceVersion "1"]
[SourceVersionDate "2018.11.04"]
[SourceQuality "1"]

1. d4 e6 2. e3 b6 3. Nf3 Bb7 4. c3 d5 5. g3 h6 6. Bg2 Nf6 7. 0-0 Bd6 8. Nbd2 Nbd7 9. Re1 c5 10. Qc2 c4 11. e4 dxe4 12. Nxe4 Bxe4 13. Rxe4 Nxe4 14. Qxe4 Nf6 15. Qc6+ Ke7 16. Qxc4 Rc8 17. Qd3 Re8 18. Bh3 g5 19. Nd2 g4 20. Bg2 Rh8 21. Nf1 Nh5 22. d5 Bc5 23. Qe4 Nf6 24. Qa4 Rc7 25. Bf4 Rd7 26. Be5 Rh7 27. Bxf6+ Kxf6 28. Qxg4 e5 29. c4 Ke7 30. Qe4 Rg7 31. Qxe5+ Kf8 32. Nd2 Re7 33. Qc3 Re2 34. Rf1 a5 35. Ne4 Bb4 36. Qc1 f5 37. Nc3 Bxc3 38. Qxc3 Qd6 39. Qf3 Qe5 40. d6 Rxb2 41. Qa8+ Qe8 42. Qd5 Qf7 43. Qc6 Qd7 44. Qd5 Rxa2 45. Bh3 Rg5 46. c5 Rc2 47. Qa8+ Kf7 48. cxb6 Qxd6 49. Rb1 Qd4 50. Qf3 Rb2 51. Qb7+ Kg6 52. Rf1 Rxb6 53. Qf3 a4 54. Rd1 Qe4 55. Qa3 Rb1 56. Rxb1 Qxb1+ 57. Kg2 Qb3 58. Qd6+ Kh7 59. Qe5 f4 60. Qe4+ Kh8 61. Qxf4 a3 62. Qf8+ Qg8 63. Qxa3 Qd5+ 64. Kg1 Qd1+ 65. Bf1 Qd5 66. Qc1 h5 67. Qb2+ Kh7 68. Bg2 Qd1+ 69. Bf1 Qd5 1-0

[Event "Rio de Janeiro Inverno"]
[Site "Rio de Janeiro"]
[Date "2011.09.04"]
[Round "7"]
[White "Barbosa, Luiz Francisco da S"]
[Black "Mangini, Jose Henrique de Me"]
[Result "1-0"]
[WhiteElo "1970"]
[BlackElo "1608"]
[PlyCount "41"]
[EventDate "2011.08.10"]
[EventType "swiss"]
[EventRounds "7"]
[EventCountry "BRA"]
[SourceTitle "EXT 2022"]
[Source "ChessBase"]
[SourceDate "2021.10.06"]
[SourceVersion "1"]
[SourceVersionDate "2021.10.06"]
[SourceQuality "1"]

1. d4 d5 2. c4 e6 3. Nc3 dxc4 4. Nf3 Bb4 5. e4 Nf6 6. Qc2 b5 7. a4 Bb7 8. Bd2 Bxc3 9. bxc3 Bxe4 10. Qb2 bxa4 11. Rxa4 Nc6 12. Bxc4 Rb8 13. Bb5 Qd5 14. Bxc6+ Qxc6 15. Qxb8+ Ke7 16. Qb4+ Ke8 17. Ne5 Qa8 18. f3 Nd5 19. Qb5+ Ke7 20. Qd7+ Kf6 21. Qxf7# 1-0

[Event "Rio de Janeiro-ch op"]
[Site "Rio de Janeiro"]
[Date "2011.07.15"]
[Round "2"]
[White "Galati, Mario Augusto"]
[Black "Mangini, Jose Henrique de Me"]
[Result "1-0"]
[WhiteElo "2133"]
[BlackElo "1608"]
[PlyCount "49"]
[EventDate "2011.07.15"]
[EventType "swiss"]
[EventRounds "6"]
[EventCountry "BRA"]
[SourceTitle "CBM 143 Extra"]
[Source "ChessBase"]
[SourceDate "2011.08.29"]
[SourceVersion "1"]
[SourceVersionDate "2011.08.29"]
[SourceQuality "1"]

1. d4 d5 2. Nf3 g6 3. c4 Bg7 4. cxd5 Qxd5 5. Nc3 Qd8 6. e4 Bg4 7. Bc4 Bxf3 8. Qxf3 e6 9. Be3 Bxd4 10. Rd1 Bxc3+ 11. bxc3 Nd7 12. 0-0 h6 13. Qg3 Ngf6 14. Bxe6 Qe7 15. Bxd7+ Nxd7 16. Qxc7 Qd8 17. Rxd7 Qxd7 18. Qe5+ Qe7 19. Qxh8+ Qf8 20. Qd4 Rd8 21. Qxa7 Qd6 22. Qxb7 Qd1 23. Qb5+ Kf8 24. Bxh6+ Kg8 25. Qe5 1-0

[Event "Rio de Janeiro-ch op"]
[Site "Rio de Janeiro"]
[Date "2011.07.15"]
[Round "1"]
[White "Mangini, Jose Henrique de Me"]
[Black "Rios Filho, Hilton Carlos da Si"]
[Result "0-1"]
[WhiteElo "1608"]
[BlackElo "2212"]
[PlyCount "54"]
[EventDate "2011.07.15"]
[EventType "swiss"]
[EventRounds "6"]
[EventCountry "BRA"]
[SourceTitle "CBM 143 Extra"]
[Source "ChessBase"]
[SourceDate "2011.08.29"]
[SourceVersion "1"]
[SourceVersionDate "2011.08.29"]
[SourceQuality "1"]

1. d4 d5 2. Nc3 Nf6 3. g3 c5 4. e3 Nc6 5. Bb5 Qb6 6. Nf3 Bh3 7. Ne5 e6 8. a4 cxd4 9. exd4 Bb4 10. Qd3 0-0 11. Bxc6 bxc6 12. g4 Bg2 13. Rg1 Be4 14. Qe2 Qxd4 15. Nxc6 Bxc3+ 16. Kf1 Qc5 17. bxc3 Qxc6 18. g5 Nd7 19. Bb2 Rab8 20. f3 Bf5 21. Ra2 Nc5 22. a5 Na4 23. Ba3 Nxc3 24. Qe5 Nxa2 25. Bb2 Qb5+ 26. Kf2 Qxb2 27. h4 Qxe5 0-1

[Event "Rio de Janeiro Tijuca Tenis Club 2nd"]
[Site "Rio de Janeiro"]
[Date "2011.07.03"]
[Round "6.9"]
[White "Mangini, Jose Henrique de Me"]
[Black "Vilalba, Ricardo Pereira"]
[Result "0-1"]
[WhiteElo "1616"]
[BlackElo "1544"]
[PlyCount "68"]
[EventDate "2011.06.27"]
[EventType "swiss"]
[EventRounds "6"]
[EventCountry "BRA"]
[SourceTitle "EXT 2022"]
[Source "ChessBase"]
[SourceDate "2021.10.06"]
[SourceVersion "1"]
[SourceVersionDate "2021.10.06"]
[SourceQuality "1"]

1. Nc3 Nf6 2. e4 d6 3. d4 g6 4. d5 c5 5. b3 Bg7 6. Rb1 0-0 7. Bb2 Nbd7 8. Nf3 Rb8 9. a4 b6 10. Nb5 a6 11. Na7 Ra8 12. Nc6 Qe8 13. Bc4 Nb8 14. Bxf6 exf6 15. Nxb8 Rxb8 16. Qd3 b5 17. axb5 axb5 18. Bxb5 Qxb5 19. c4 Qb4+ 20. Nd2 f5 21. 0-0 fxe4 22. Nxe4 Bf5 23. g3 Bxe4 24. Qxe4 Rfe8 25. Qf4 Re5 26. Ra1 Rf5 27. Qxd6 Bxa1 28. Rxa1 Re8 29. Kg2 Qxb3 30. Qd7 Qf3+ 31. Kg1 Qxf2+ 32. Kh1 Re1+ 33. Rxe1 Qxe1+ 34. Kg2 Qf1# 0-1

[Event "Rio de Janeiro Tijuca Tenis Club 2nd"]
[Site "Rio de Janeiro"]
[Date "2011.07.02"]
[Round "4.7"]
[White "Vilalba, Guilherme Pereira"]
[Black "Mangini, Jose Henrique de Me"]
[Result "1-0"]
[WhiteElo "1588"]
[BlackElo "1616"]
[PlyCount "85"]
[EventDate "2011.06.27"]
[EventType "swiss"]
[EventRounds "6"]
[EventCountry "BRA"]
[SourceTitle "EXT 2022"]
[Source "ChessBase"]
[SourceDate "2021.10.06"]
[SourceVersion "1"]
[SourceVersionDate "2021.10.06"]
[SourceQuality "1"]

1. Nf3 d6 2. g3 Nc6 3. Bg2 e5 4. e4 Bg4 5. h3 Bxf3 6. Bxf3 Nf6 7. 0-0 Nd4 8. Bg2 h6 9. c3 Nc6 10. d3 Be7 11. Nd2 Qd7 12. Nf3 g5 13. h4 gxh4 14. Nxh4 h5 15. Nf5 0-0-0 16. Bh3 Kb8 17. Kg2 Ng4 18. f3 Nf6 19. Ng7 Ng4 20. fxg4 Bf8 21. gxh5 f5 22. Nxf5 d5 23. Bg5 Be7 24. Nxe7 Qe8 25. Nxc6+ bxc6 26. Bxd8 Qxd8 27. Qb3+ Ka8 28. Qd1 dxe4 29. dxe4 Qg5 30. Qg4 Qd2+ 31. Rf2 Qe3 32. Raf1 Qh6 33. Qe6 a6 34. Qxh6 Rxh6 35. Rf6 Rxh5 36. Rxc6 Kb7 37. Rcf6 c6 38. R6f5 Rh6 39. Rf6 Rh5 40. g4 Rh8 41. Rf8 Rh6 42. R1f6 Rh4 43. Kg3 1-0

[Event "Rio de Janeiro Tijuca Tenis Club 2nd"]
[Site "Rio de Janeiro"]
[Date "2011.06.30"]
[Round "1.3"]
[White "De Paiva, Pedro Henrique"]
[Black "Mangini, Jose Henrique de Me"]
[Result "1-0"]
[WhiteElo "2239"]
[BlackElo "1331"]
[PlyCount "69"]
[EventDate "2011.06.27"]
[EventType "swiss"]
[EventRounds "6"]
[EventCountry "BRA"]
[SourceTitle "EXT 2022"]
[Source "ChessBase"]
[SourceDate "2021.10.06"]
[SourceVersion "1"]
[SourceVersionDate "2021.10.06"]
[SourceQuality "1"]

1. e4 e5 2. Nf3 Nc6 3. Bb5 Nf6 4. 0-0 Nxe4 5. d4 d6 6. d5 a6 7. Bd3 Bf5 8. dxc6 bxc6 9. Qe2 d5 10. Nxe5 Bd6 11. Nxc6 Qh4 12. g3 Qh3 13. f3 Bc5+ 14. Kh1 h5 15. fxe4 dxe4 16. Rxf5 Qxf5 17. Qxe4+ Qxe4+ 18. Bxe4 0-0 19. Nc3 f5 20. Bd5+ Kh7 21. Bf4 Bf2 22. Bxc7 Rae8 23. Rf1 Re1 24. Kg2 Bxg3 25. hxg3 Rxf1 26. Kxf1 h4 27. gxh4 Kg6 28. b4 Rh8 29. Bd8 f4 30. Kf2 Kf5 31. Kf3 Re8 32. Ne4 Rh8 33. Ng5 Rxd8 34. Be4+ Kf6 35. Nxd8 1-0

[Event "Rio de Janeiro Tijuca Tenis Club 1st"]
[Site "Rio de Janeiro"]
[Date "2011.05.01"]
[Round "6.7"]
[White "Azevedo, Kelsen Rosas Sodre"]
[Black "Mangini, Jose Henrique de Me"]
[Result "1-0"]
[WhiteElo "2129"]
[BlackElo "1331"]
[PlyCount "111"]
[EventDate "2011.04.28"]
[EventType "swiss"]
[EventRounds "6"]
[EventCountry "BRA"]
[SourceTitle "EXT 2022"]
[Source "ChessBase"]
[SourceDate "2021.10.06"]
[SourceVersion "1"]
[SourceVersionDate "2021.10.06"]
[SourceQuality "1"]

1. e4 e5 2. Nf3 Nc6 3. Bb5 a6 4. Ba4 Nf6 5. 0-0 b5 6. Bb3 Bc5 7. Re1 Ng4 8. Re2 0-0 9. c3 b4 10. d4 exd4 11. cxd4 Bb6 12. h3 Nf6 13. Bf4 d6 14. Qd2 Bb7 15. d5 Na5 16. Qxb4 Nxb3 17. Qxb3 Re8 18. Qd3 a5 19. Qc2 h6 20. Nc3 Nh5 21. Be3 Ba6 22. Ree1 Bxe3 23. Rxe3 g5 24. Nd4 Qd7 25. Nf5 Kh7 26. Rae1 Nf4 27. e5 Bd3 28. Rxd3 Qxf5 29. Rd2 Qxc2 30. Rxc2 Nd3 31. Rd1 Nxe5 32. Nb5 Re7 33. Rxc7 Rxc7 34. Nxc7 Rb8 35. b3 Rb4 36. Ne8 Rb6 37. Nf6+ Kg6 38. Ne4 f5 39. Ng3 f4 40. Ne4 Kf5 41. f3 h5 42. Rc1 Rb4 43. Rc8 Rd4 44. Rf8+ Kg6 45. Rf6+ Kg7 46. Rxd6 Rd1+ 47. Kf2 Nf7 48. Rd7 Kg6 49. d6 Nh6 50. Ra7 g4 51. hxg4 hxg4 52. Rxa5 g3+ 53. Ke2 Rg1 54. Rd5 Rxg2+ 55. Kd3 Nf7 56. d7 1-0

[Event "Rio de Janeiro Tijuca Tenis Club 1st"]
[Site "Rio de Janeiro"]
[Date "2011.05.01"]
[Round "5.7"]
[White "Mangini, Jose Henrique de Me"]
[Black "Abrahim, Karina"]
[Result "0-1"]
[WhiteElo "1331"]
[BlackElo "1416"]
[PlyCount "68"]
[EventDate "2011.04.28"]
[EventType "swiss"]
[EventRounds "6"]
[EventCountry "BRA"]
[SourceTitle "EXT 2022"]
[Source "ChessBase"]
[SourceDate "2021.10.06"]
[SourceVersion "1"]
[SourceVersionDate "2021.10.06"]
[SourceQuality "1"]

1. e4 e5 2. Nf3 Nc6 3. Bb5 a6 4. Ba4 Nf6 5. a3 b5 6. Bb3 Nxe4 7. Bd5 Nf6 8. Bxc6 dxc6 9. Nxe5 Bb7 10. 0-0 Be7 11. Nc3 0-0 12. Qf3 Re8 13. Nxc6 Bxc6 14. Qxc6 Bd6 15. d3 Ng4 16. g3 Ne5 17. Qd5 Qd7 18. Ne4 Nf3+ 19. Kg2 Nxh2 20. Bh6 Nxf1 21. Bxg7 Kxg7 22. Qg5+ Kh8 23. Nf6 Be7 24. Rxf1 Bxf6 25. Qxf6+ Kg8 26. Rh1 Qd5+ 27. f3 Re2+ 28. Kf1 Rae8 29. Rxh7 Re1+ 30. Kg2 R8e2+ 31. Kh3 Rh1+ 32. Kg4 Rxh7 33. Qxa6 Rxc2 34. Qc8+ Kg7 0-1

[Event "Rio de Janeiro Tijuca Tenis Club 1st"]
[Site "Rio de Janeiro"]
[Date "2011.04.30"]
[Round "4.6"]
[White "Machado, Wallace Fernandes"]
[Black "Mangini, Jose Henrique de Me"]
[Result "1-0"]
[WhiteElo "1905"]
[BlackElo "1331"]
[PlyCount "27"]
[EventDate "2011.04.28"]
[EventType "swiss"]
[EventRounds "6"]
[EventCountry "BRA"]
[SourceTitle "EXT 2022"]
[Source "ChessBase"]
[SourceDate "2021.10.06"]
[SourceVersion "1"]
[SourceVersionDate "2021.10.06"]
[SourceQuality "1"]

1. c4 b6 2. Nc3 Bb7 3. d4 e6 4. e4 Bb4 5. Bd3 Nc6 6. Nf3 d6 7. Bd2 Nge7 8. d5 exd5 9. cxd5 Ne5 10. Nxe5 dxe5 11. Qa4+ c6 12. Qxb4 cxd5 13. Bb5+ Nc6 14. exd5 1-0